| 000 | 01392nam a2200217Ia 4500 | ||
|---|---|---|---|
| 003 | Ost | ||
| 005 | 20260507075650.0 | ||
| 008 | 260507s9999||||xx |||||||||||||| ||und|| | ||
| 040 | _cfsecg | ||
| 041 | _aara | ||
| 100 |
_aقوديل، جورج _eمؤلف |
||
| 245 | 0 |
_aالقانون الإداري / _c جورج قوديل |
|
| 260 |
_aبيروت: _bالمؤسسة الجامعية للدراسات والنشر والتوزيع, _c2001 |
||
| 300 |
_a600 صفحة؛ _bغلاف ملون ومصور _c25 سم |
||
| 504 | _aالجزء 2 المجلد الثالث | ||
| 520 | _aالقاضي الإداري- مبادئ عامة- تنظيم الأجهزة القضائية الإدارية- توزيع الصلاحيات بين الأجهزة القضائية الإدارية- الإجرام أمام الاجهزة القضائية الإدارية- المراجعة لتجاوز حد السلطة- تنفيذ قرارات القضاء ضد الإدارة- المعطيات القانونية والتقنية والتاريخية لتنظيم الإدارة- إدارة الدولة- الجماعات المحلية- المؤسسات العامة- مفاهيم عامة حول العمل الإداري- المرفق العام. | ||
| 653 | _aالإدارة | ||
| 653 | _aالقانون الإداري | ||
| 700 |
_aدلقولقيه، بيار _eمؤلف ثانوي |
||
| 942 | _cكتاب | ||
| 999 |
_c45567 _d45567 |
||